000 00809cam a2200253 a 4500
003 OSt
005 20171028144723.0
008 090304s2009 enk b 001 0 eng
010 _a 2009009541
020 _a9780199218554
020 _a0199218552
040 _aLDCLIB
_cLDCLIB
082 0 0 _a342.085026
_222
_bBAL
100 1 _aBailey, S. H.
_9522
245 1 0 _aCivil Liberties :
_bcases, materials, and commentary /
_cS.H. Bailey, N. Taylor and A. McColgan.
250 _a6th ed.
260 _aOxford ;
_aNew York :
_bOxford University Press,
_c2009.
300 _alvi, 1006 p. ;
_c25 cm.
504 _aIncludes bibliographical references and index.
650 0 _aCivil rights
_zGreat Britain
_vCases.
_9523
700 1 _aTaylor, N. W.
_qNick W.
_9524
700 1 _aMcColgan, Aileen.
_9525
942 _2ddc
_cBK
999 _c181
_d181